书目信息 |
| 题名: |
中国旅游景区管理模式研究
|
|
| 作者: | 邹统钎 著 | |
| 分册: | ||
| 出版信息: | 天津 南开大学出版社 2006 |
|
| 页数: | 12,463页 | |
| 开本: | 21cm | |
| 丛书名: | ||
| 单 册: | ||
| 中图分类: | F592.6 | |
| 科图分类: | ||
| 主题词: | 风景区--经济管理--研究--中国 , 风景区 , 经济管理 | |
| 电子资源: | ||
| ISBN: | 7-310-02463-X | |
| 000 | 00876nam0 2200265 450 | |
| 001 | 003172963 | |
| 005 | 20070807150215.76 | |
| 010 | @a7-310-02463-X@dCNY27.00 | |
| 035 | @a003172963 | |
| 100 | @a20060104d2006 em y0chiy0110 ea | |
| 101 | 0 | @achi@deng |
| 102 | @aCN@b120000 | |
| 105 | @ay z 000yy | |
| 106 | @ar | |
| 200 | 1 | @a中国旅游景区管理模式研究@Azhong guo lv you jing qu guan li mo shi yan jiu@f邹统钎著@Fzou tong qian zhu |
| 210 | @a天津@c南开大学出版社@d2006 | |
| 215 | @a12,463页@d21cm | |
| 330 | @a本书以资源经济学以及体验经济学理论为基础,把旅游景区划分为遗产型景区与开发型景区,提出了中国旅游景区管理的分类管理模式与标准管理模式。 | |
| 606 | 0 | @a风景区@x经济管理@x研究@y中国 |
| 606 | 0 | @a风景区 |
| 606 | 0 | @a经济管理 |
| 690 | @aF592.6@v4 | |
| 701 | 0 | @a邹统钎@Azou tong qian@f(1964~)@4著 |
| 801 | 0 | @aCN@bNLC@c20070807 |
| 905 | @dF592.6@e215@f3 | |
| 中国旅游景区管理模式研究/邹统钎著.-天津:南开大学出版社,2006 |
| 12,463页;21cm |
| ISBN 7-310-02463-X:CNY27.00 |
| 本书以资源经济学以及体验经济学理论为基础,把旅游景区划分为遗产型景区与开发型景区,提出了中国旅游景区管理的分类管理模式与标准管理模式。 |
| ● |
| 相关链接 |
|
|
|
|
正题名:中国旅游景区管理模式研究
索取号:F592.6/215
 
预约/预借
| 序号 | 登录号 | 条形码 | 馆藏地/架位号 | 状态 | 备注 |
| 1 | 0852968 | 208529680 | 第一样本阅览室/ [索取号:F592.6/215] | 在馆 | |
| 2 | 0852969 | 208529699 | 第一借阅区/ [索取号:F592.6/215] | 在馆 | |
| 3 | 0852970 | 208529706 | 第一借阅区/ [索取号:F592.6/215] | 在馆 |